000 00460nam a22001697a 4500
003 OSt
008 260506b |||||||| |||| 00| 0 eng d
082 _a633.18
_bS48S
100 _aSingh, Tarun Prasad
245 _aStudies on Relative Efficiency of Lac-Coated and Uncoated Urea in Irrigated Transplanted Rice
260 _aPusa, Samastipur
_bRAU
_c1981
300 _a73P.
502 _bMsc.
_d1981
650 _aAgronomy
650 _aMsc.
942 _2ddc
_cT
999 _c50472
_d50472